000 00484nam a2200181Ia 4500
008 240925s9999 xx 000 0 und d
020 _a9837203919
082 _a658.40388 DIW
100 _aDiwan , Parag
245 0 _aInformation System: a management approch
250 _aNA
260 _aKuala Lumpur:
_bGolden Books SDN.BHD
_c,2004.
300 _axx,810p.
_bNA
_fOriginal
500 _aIncludes Index
600 _aEngineering Technology
650 _aManagement
942 _cBK
999 _c6786
_d6786